Loading...
| Fine Arts - Other | 1 | 3 | 0 | 0 | 45 | 53 | 91.50 | 0 | 2 | 0.00 | 0.00 |
| Literature - American | 1 | 3 | 1 | 0 | 40 | 68 | 95.25 | 1 | 2 | 0.00 | 0.00 |
| Fine Arts - Visual | 2 | 2 | 2 | 0 | 40 | 66 | 96.25 | 1 | 3 | 0.00 | 0.00 |
| Literature - British | 0 | 4 | 0 | 0 | 40 | 104 | 125.00 | 1 | 1 | 0.00 | 0.00 |
| History - European | 0 | 3 | 0 | 1 | 30 | 100 | 122.33 | 0 | 1 | 0.00 | 0.00 |
| Science - Physics | 0 | 2 | 0 | 1 | 20 | 96 | 103.50 | 0 | 1 | 0.00 | 0.00 |
| History - US | 0 | 2 | 0 | 1 | 20 | 109 | 121.00 | 0 | 0 | 0.00 | 0.00 |
| Beliefs | 0 | 2 | 1 | 2 | 15 | 139 | 144.00 | 0 | 0 | 0.00 | 0.00 |
| Other Academic | 1 | 0 | 0 | 0 | 15 | 79 | 79.00 | 0 | 0 | 0.00 | 0.00 |
| Literature - World | 0 | 2 | 1 | 1 | 15 | 93 | 117.00 | 0 | 0 | 0.00 | 0.00 |
| Modern World | 0 | 1 | 0 | 0 | 10 | 93 | 93.00 | 0 | 1 | 0.00 | 0.00 |
| Literature - European | 0 | 1 | 0 | 0 | 10 | 130 | 130.00 | 0 | 0 | 0.00 | 0.00 |
| Science - Other | 0 | 0 | 0 | 0 | 0 | 0.00 | 0 | 0 | 0.00 | 0.00 | |
| Geography | 0 | 1 | 2 | 0 | 0 | 129 | 129.00 | 0 | 0 | 0.00 | 0.00 |